000 02269nam a22002297a 4500
008 250520b |||||||| |||| 00| 0 eng d
020 _a9780241670293
040 _ctbs
041 _aeng
050 _aHM1111
_b.B758 2023
100 _aBrooks, David
_d1961-
_925269
245 _aHow to know a person
_b: the art of seeing others deeply and being deeply seen
_c/ David Brooks.
250 _aFirst edition.
260 _aNew York, NY :
_bRandom House,
_c2023.
300 _ax, 306 pages ;
_c25 cm.
520 _aIf you are going to care for someone, you must first understand them. If you're going to hire, marry, or befriend someone, you have to be able to see them. If you are going to work closely with someone, you have to be able to make them feel recognized and valued. As David Brooks observes, "The older I get, the more I come to the certainty that there is one skill at the center of any healthy family, company, classroom, community or nation: the ability to see each other, to know other people, to make them feel valued, heard and understood." And yet we humans don't do this well. All around us are people who feel invisible, unseen, misunderstood. In How to Know a Person, Brooks sets out to help us to do better, posing questions that are essential for all of us. Driven by his trademark sense of curiosity, Brooks draws from the fields of psychology and neuroscience, and from the worlds of theatre, history, and education, to present a welcoming, hopeful, integrated approach to human connection. How to Know a Person helps readers become more understanding and considerate towards others; it helps readers find the joy that comes from being seen. Along the way it offers a possible remedy for a society that is riven by fragmentation, hostility, and misperception. The act of seeing another person, Brooks argues, is a profoundly creative act: How can we look somebody in the eye and see something large in them, and in turn, see something larger in ourselves? How to Know a Person is for anyone searching for connection, seeking to understand and yearning to be understood.
650 0 _aSocial interaction
_91676
650 0 _aSocial psychology
_96342
650 0 _aCaring
_925270
650 0 _aInterpersonal relations
_91674
942 _2lcc
999 _c4681
_d4681